| 000 | 00766cam a2200205 a 4500 | ||
|---|---|---|---|
| 001 | 000002078 | ||
| 005 | 20200929145825.0 | ||
| 008 | 790531s1978 ve a b 000 0cspa | ||
| 040 |
_aDO-SdBNP _cDLC _dDLC |
||
| 082 |
_aV868.4 _bM636A |
||
| 100 | 1 |
_aAmarista de Cumare, Beyra. _96687 |
|
| 245 | 1 | 3 |
_aEl humanismo del profesor Augusto Mijares / _cBeyra Amarista de Cumare. |
| 260 |
_aCaracas : _bMinisterio de Informacion y Turismo, _c1978. |
||
| 300 |
_a142 p. : _bil. ; _c23 cm. |
||
| 504 | _aBibliografía: p. 139-142. | ||
| 600 | 1 | 4 |
_aMIJARES, AUGUSTO _d1897-1979 _xCRÍTICA E INTERPRETACIÓN _96688 |
| 650 | 4 |
_aAutores venezolanos _ySIGLO XX _xBiografías _96689 |
|
| 600 | 1 | 4 |
_aMijares, Augusto, _d1897-1979 _xBIBLIOGRAFÍA _96690 |
| 910 | _aCatalogación por copia / LC | ||
| 999 |
_c1939 _d1939 |
||